| 000 | 00470nam a22001697a 4500 | ||
|---|---|---|---|
| 999 |
_c524550 _d524550 |
||
| 003 | NUST | ||
| 020 | _c(Hbk) | ||
| 038 | _aM.Shaban | ||
| 082 |
_a891.421 _bMIR |
||
| 100 |
_aMirza, Muhammad Saleem _915203 |
||
| 245 |
_aMithian kookan / _cMuhammad Saleem Mirza |
||
| 260 |
_aGujarkhan -: _bNew Classic pringing, _c2008. |
||
| 300 | _a208 p. ; | ||
| 880 |
_6100-01\r _aمحمد سلیم فراز |
||
| 880 |
_6245-02\r _aمِتھیاں کُوکاں / |
||
| 942 |
_2ddc _cBK |
||